|
|
|
|
| LEADER |
01280ppm a22002898a 4500 |
| 001 |
00030055 |
| 005 |
20171026081022.0 |
| 008 |
121211s2011 ||||||viesd |
| 041 |
0 |
# |
|a vie
|
| 082 |
1 |
4 |
|a 351.597
|b Đ106C
|
| 100 |
1 |
# |
|a Lê, Thanh Dũng
|
| 245 |
0 |
0 |
|a Đảng Cộng sản Việt Nam lãnh đạo cải cách thể chế hành chính nhà nước
|c Lê Thanh Dũng; Hoàng Văn Tuệ (hướng dẫn)
|b Luận văn thạc sĩ lịch sử. Chuyên ngành: Lịch sử Đảng Cộng sản Việt Nam. Mã số: 60 22 56
|
| 260 |
# |
# |
|a Hà Nội.
|b Học viện chính trị - hành chính quốc gia Hồ Chí Minh
|c 2011
|
| 300 |
# |
# |
|a 113 tr, + phụ lục.
|c 30 cm.
|e 1 CD
|
| 500 |
# |
# |
|a ĐTTS ghi: Học viện chính trị - hành chính quốc gia Hồ Chí Minh
|
| 653 |
# |
# |
|a Hành chính nhà nước
|
| 653 |
# |
# |
|a Đảng cộng sản Việt Nam
|
| 653 |
# |
# |
|a Lãnh đạo
|
| 653 |
# |
# |
|a Luận văn
|
| 700 |
1 |
# |
|a Hoàng, Văn Tuệ
|e Hướng dẫn
|
| 852 |
# |
# |
|j LV.0000229
|
| 852 |
# |
# |
|b Kho đọc SĐH
|j LV.0000229
|
| 910 |
|
|
|d 11/12/2012
|
| 980 |
# |
# |
|a Trung tâm Học liệu Lê Vũ Hùng, Trường Đại học Đồng Tháp
|